000 00925cam a22002777a 4500
001 16482170
003 OSt
005 20170105113101.0
008 100929s2008 nyua 000 d eng d
010 _a 2010283045
020 _a9780822221883 (pbk.)
035 _a(OCoLC)ocn231631211
040 _aOKU
_cOKU
_dIMF
_dYDXCP
_dBAKER
_dBTCTA
_dCDX
_dWAU
_dCPE
_dDLC
042 _alccopycat
050 0 0 _aMLCS 2011/40415 (P)
100 1 _aHatcher, Jeffrey,
_d1957-
245 1 0 _aMitch Albom's Tuesdays with Morrie /
_cby Jeffrey Hatcher and Mitch Albom.
246 3 0 _aTuesdays with Morrie
260 _aNew York :
_bDramatists Play Service,
_cc2008.
300 _a43 p. :
_bill. ;
_c20 cm.
500 _a"Based on the book by Mitch Albom."
700 1 _aAlbom, Mitch,
_d1958-
906 _a7
_bcbc
_ccopycat
_d4
_encip
_f20
_gy-gencatlg
942 _2ddc
_cBK
999 _c33046
_d33046